Memòria del curs 1984 - 85 / Escola Universitària d'Enginyeria Tècnica en Teixits de Punt, Escola de Formació Professional de Teixits de Punt
Descripción Física:
36 p. ; 20,7 cm
MARC
| LEADER | 00000nam a2200000Ia 4500 | ||
|---|---|---|---|
| 001 | 12777 | ||
| 008 | 160829s1985 xx 000 0 cat d | ||
| 080 | |a FU-14-80 | ||
| 110 | 2 | |a Escola Universitària d'Enginyeria Tècnica en Teixits de Punt (Canet de Mar) |9 54348 | |
| 245 | |a Memòria del curs 1984 - 85 / Escola Universitària d'Enginyeria Tècnica en Teixits de Punt, Escola de Formació Professional de Teixits de Punt | ||
| 260 | |a [Barcelona] : |b Diputació de Barcelona, |c 1985 | ||
| 300 | |a 36 p. ; |c 20,7 cm | ||
| 610 | 2 | 0 | |a Escola Universitària d'Enginyeria Tècnica en Teixits de Punt (Canet de Mar) |9 54348 |
| 610 | 2 | 0 | |a Escola Universitària d'Enginyeria Tècnica en Teixits de Punt (Canet de Mar) |v Revistes |9 54349 |
| 710 | 1 | |a Barcelona (Catalunya : Província). |b Diputació |9 52408 | |
| 901 | |a Arxiu | ||
| 942 | |n 1 |2 udc | ||
| 952 | |0 0 |1 0 |4 0 |7 1 |9 43222 |a Arxiu |b Arxiu |d 2016-12-01 |h 1984-85 |o FU-14-80 |p 12777 |r 2016-12-01 00:00:00 |w 2016-12-01 |y ARXIU | ||
| 999 | |c 45766 |d 45766 | ||